000 00771nam a2200253Ia 4500
003 GCL
008 140319s9999 xx 000 0 ara d
040 _aGCL /
_cGCL
082 0 4 _a160
_bر د
100 1 _aمحمد مهران
245 1 0 _aدراسات فى تاريخ المنطق العربى /
_cمحمد مهران
700 1 _aاسماعيل عبدالعزيز
700 1 _aريشر، نيقولا
300 _a299 ص
490 _a
650 0 4 _aالعلوم عند العرب
650 0 4 _aالمنطق
650 0 4 _aالحضارة الاسلامية
650 0 4 _aالعلماء العرب
650 0 4 _aالفارابى
650 0 4 _aابن رشد، ابوالوليد محمد بن احمد
650 0 4 _aابن سينا
942 _2ddc
_cBK
999 _c40544
_d40544